Obras completas / (Record no. 12068)

MARC details
000 -LEADER
campo de control de longitud fija 03027nam a2200445 i 4500
001 - NÚMERO DE CONTROL
campo de control 12068
003 - IDENTIFICADOR DE NÚMERO DE CONTROL
campo de control ES-MaACL
005 - FECHA Y HORA DE LA ÚLTIMA TRANSACCIÓN
campo de control 20250612110916.0
007 - CAMPO FIJO DE DESCRIPCIÓN FÍSICA--INFORMACIÓN GENERAL
campo de control de longitud fija t|
008 - DATOS DE LONGITUD FIJA--INFORMACIÓN GENERAL
campo de control de longitud fija 970303m1996 sp ||||1| spa d
017 ## - NÚMERO DE COPYRIGHT O DE DEPÓSITO LEGAL
Número de copyright o de depósito legal B 20521-1996
Agencia que asigna Oficina Depósito Legal Barcelona
020 ## - NÚMERO INTERNACIONAL ESTÁNDAR DEL LIBRO
Número Internacional Estándar del Libro 9788422657231
020 ## - NÚMERO INTERNACIONAL ESTÁNDAR DEL LIBRO
Número Internacional Estándar del Libro 9788481090970
040 ## - FUENTE DE CATALOGACIÓN
Centro/agencia transcriptor ES-MaACL
080 ## - NÚMERO DE LA CLASIFICACIÓN DECIMAL UNIVERSAL
Número de la Clasificación Decimal Universal 821.134.2-84"19"
100 1# - ENTRADA PRINCIPAL--NOMBRE DE PERSONA
Nombre de persona Gómez de la Serna, Ramón,
Fechas asociadas al nombre 1888-1963
Término indicativo de función/relación Autor
9 (RLIN) 57901
245 10 - MENCIÓN DEL TÍTULO
Título Obras completas /
Mención de responsabilidad, etc. Ramón Gómez de la Serna ; edición dirigida por Ioana Zlotescu ; revisión de los textos por Juan Pedro Gabino ; coordinación documental de Pura Fernández ; con el asesoramiento de José-Carlos Mainer ; prólogos de José-Carlos Mainer y Ioana Zlotescu.
250 ## - MENCION DE EDICION
Mención de edición 1ª ed.
260 ## - PUBLICACIÓN, DISTRIBUCIÓN, ETC.
Lugar de publicación, distribución, etc. Barcelona :
Nombre del editor, distribuidor, etc. Círculo de Lectores :
-- Galaxia Gutenberg,
Fecha de publicación, distribución, etc. 1996-
300 ## - DESCRIPCIÓN FÍSICA
Extensión 17 volúmenes ;
Dimensiones 21 cm.
500 ## - NOTA GENERAL
Nota general Índices
504 ## - NOTA DE BIBLIOGRAFÍA, ETC.
Nota de bibliografía, etc. Referencias bibliográficas
505 ## - NOTA DE CONTENIDO CON FORMATO
Nota de contenido con formato I. Prometeo I: Escritos de juventud (1905-1913) -- II. Prometeo II: Teatro de juventud (1909-1912) -- III. Ramonismo I: El Rastro; El circo; Senos (1914-1917) -- IV. Ramonismo II: Greguerías; Muestrario (1917-1919) -- V. Ramonismo III: Libro nuevo; Disparates; Variaciones; El alba (1920-1923) -- VII. Ramonismo V: Caprichos, gollerías, trampantojos (1923-1956) -- IX. Novelismo I: El doctor inverosímil y otras novelas (1914-1923) -- X. Novelismo II: Cinelandia y otras novelas (1923-1928) -- XI. Novelismo III: Novelas cortas y cuentos para niños (1921-1932) -- XII. Novelismo IV: El caballero del hongo gris y otras novelas (1928-1937) -- XIII. Novelismo V: Novelas cortas y teatro de vanguardia (1927-1947) -- XIV. Novelismo VI: Escritos autobiográficos II; Escritos del desconsuelo (1947-1961) -- XV. La ciudad: Madrid, Buenos Aires (1919-1956) -- XVI. Ensayos, retratos y biografías I: Ensayos; Efigies; Ismos (1912-1961) -- XVII. Retratos y biografías II: Retratos completos (1941-1961) -- XIX. Retratos y biografías IV: Biografías de escritores (1930-1953) -- XX. Escritos autobiográficos I: Automoribundia (1888-1948)
505 ## - NOTA DE CONTENIDO CON FORMATO
Nota de contenido con formato XVII. Retratos y biografías II: Retratos completos (1941-1961): Retratos contemporáneos ; Nuevos retratos contemporáneos ; Otros retratos
505 ## - NOTA DE CONTENIDO CON FORMATO
Nota de contenido con formato XIX. Retratos y biografías IV: Biografías de escritores (1930-1953): Azorín ; Mi tía Carolina Coronado ; Don Ramón María del Valle-Inclán ; Lope viviente ; Edgar Poe ; Quevedo
700 1# - ENTRADA AGREGADA--NOMBRE PERSONAL
Nombre de persona Zlotescu, Ioana.
9 (RLIN) 118312
Término indicativo de función/relación Autor de introducción
-- Director de publicación
700 1# - ENTRADA AGREGADA--NOMBRE PERSONAL
Nombre de persona Gabino, Juan Pedro.
9 (RLIN) 53139
Término indicativo de función/relación Revisor
700 1# - ENTRADA AGREGADA--NOMBRE PERSONAL
Nombre de persona Fernández, Pura.
9 (RLIN) 49421
Término indicativo de función/relación Editor literario
700 1# - ENTRADA AGREGADA--NOMBRE PERSONAL
Nombre de persona Mainer, José-Carlos,
Fechas asociadas al nombre 1944-
Término indicativo de función/relación Autor de introducción
-- Editor literario
9 (RLIN) 75599
740 ## - ENTRADA AGREGADA--TÍTULO RELACIONADO/ANALÍTICO NO CONTROLADO
Título relacionado o analítico no controlado Azorín
740 ## - ENTRADA AGREGADA--TÍTULO RELACIONADO/ANALÍTICO NO CONTROLADO
Título relacionado o analítico no controlado Mi tía Carolina Coronado
740 ## - ENTRADA AGREGADA--TÍTULO RELACIONADO/ANALÍTICO NO CONTROLADO
Título relacionado o analítico no controlado Don Ramón María del Valle-Inclán
740 ## - ENTRADA AGREGADA--TÍTULO RELACIONADO/ANALÍTICO NO CONTROLADO
Título relacionado o analítico no controlado Lope viviente
740 ## - ENTRADA AGREGADA--TÍTULO RELACIONADO/ANALÍTICO NO CONTROLADO
Título relacionado o analítico no controlado Edgar Poe
740 ## - ENTRADA AGREGADA--TÍTULO RELACIONADO/ANALÍTICO NO CONTROLADO
Título relacionado o analítico no controlado Quevedo
852 4# - LOCALIZACIÓN
Ubicación ES-MaACL
Ubicación en estantería Depósito 2
Número de control de estantería P-71
Encuadernación Cartoné
942 ## - ELEMENTOS DE ENTRADA SECUNDARIOS (KOHA)
Tipo de ítem Koha Libro impreso
Suprimir en OPAC No
Holdings
Estatus retirado Estado de pérdida Fuente del sistema de clasificación o colocación Estado de daño No para préstamo Biblioteca de origen Biblioteca actual Ubicación en estantería Fecha de adquisición Número de control de estantería Total de préstamos Signatura topográfica completa Código de barras Visto por última vez Tipo de ítem Koha
    Clasificación decimal universal     Biblioteca del Ateneo de Madrid Biblioteca del Ateneo de Madrid Depósito 2 17/01/2008 Ateneísta   P-71 1012296 23/02/2023 Libro impreso